[Event "Mittelfranken-chTB2a 1718"]
[Site "Mittelfranken"]
[Date "2018.04.08"]
[Round "7.6"]
[White "Dyroff, Roland"]
[Black "Metzenroth, Dieter"]
[Result "0-1"]
[WhiteElo "1780"]
[BlackElo "1728"]
[PlyCount "101"]
[EventDate "2017.10.08"]
[EventType "team-tourn"]
[EventRounds "9"]
[EventCountry "GER"]
[SourceTitle "EXT 2022"]
[Source "ChessBase"]
[SourceDate "2021.10.06"]
[SourceVersion "1"]
[SourceVersionDate "2021.10.06"]
[SourceQuality "1"]
[WhiteTeam "Nuernberg Sued SW IV"]
[BlackTeam "Cadolzburg"]
[WhiteTeamCountry "GER"]
[BlackTeamCountry "GER"]

1. e4 d6 2. d4 Nf6 3. Nc3 Nbd7 4. Be3 c6 5. Bd3 e5 6. Nge2 Be7 7. 0-0 Qc7 8. a4 a6 9. Qd2 h6 10. Ng3 Nf8 11. f4 Ng4 12. fxe5 dxe5 13. Bc4 Be6 14. d5 0-0-0 15. Kh1 Nxe3 16. Qxe3 cxd5 17. Bxd5 Bc5 18. Qe2 Ng6 19. Nh5 Rhg8 20. Qc4 Rde8 21. Rab1 Nf4 22. Nxf4 exf4 23. b4 Bd6 24. Qxc7+ Bxc7 25. b5 Be5 26. Rf3 Re7 27. Ne2 Bg4 28. Rf2 g5 29. bxa6 bxa6 30. Rb6 Ra7 31. Rc6+ Rc7 32. h3 Rxc6 33. Bxc6 Bd7 34. Bxd7+ Kxd7 35. Rf3 Rc8 36. Rd3+ Ke6 37. c3 Rc4 38. Nd4+ Bxd4 39. cxd4 Rxa4 40. Kg1 a5 41. Kf2 f6 42. Kf3 h5 43. h4 Rb4 44. d5+ Kd7 45. Rc3 a4 46. Rc6 Rb3+ 47. Kf2 g4 48. Rxf6 Rb2+ 49. Kg1 a3 50. e5 a2 51. d6 0-1

[Event "Mittelfranken-chTB2a 1213"]
[Site "Germany"]
[Date "2013.01.27"]
[Round "1.7"]
[White "Metzenroth, Dieter"]
[Black "Block, Bernhard"]
[Result "1/2-1/2"]
[WhiteElo "1782"]
[BlackElo "1760"]
[PlyCount "44"]
[EventDate "2012.10.07"]
[EventType "team-tourn"]
[EventRounds "9"]
[EventCountry "GER"]
[SourceTitle "EXT 2019"]
[Source "ChessBase"]
[SourceDate "2018.10.10"]
[SourceVersion "1"]
[SourceVersionDate "2018.10.10"]
[SourceQuality "1"]
[WhiteTeam "Cadolzburg"]
[BlackTeam "Ansbach"]
[WhiteTeamCountry "GER"]
[BlackTeamCountry "GER"]

1. d4 Nf6 2. Bf4 d6 3. Nf3 g6 4. h3 Bg7 5. e3 0-0 6. Be2 b6 7. 0-0 Bb7 8. c4 Nbd7 9. Nc3 e5 10. dxe5 dxe5 11. Nxe5 Nc5 12. Bh2 Qe7 13. Nf3 Nfe4 14. Nb5 Bxb2 15. Rb1 Nc3 16. Nxc3 Bxc3 17. Nd4 Rad8 18. Rc1 Qg5 19. Bf3 Bxf3 20. Qxf3 Bxd4 21. exd4 Rxd4 22. Bxc7 Rd3 1/2-1/2

[Event "Mittelfranken-chTB2a 1112"]
[Site "Germany"]
[Date "2012.01.15"]
[Round "5.5"]
[White "Metzenroth, Dieter"]
[Black "Herlan, Klaus Juergen"]
[Result "1/2-1/2"]
[WhiteElo "1773"]
[BlackElo "1920"]
[PlyCount "81"]
[EventDate "2011.09.25"]
[EventType "team-tourn"]
[EventRounds "9"]
[EventCountry "GER"]
[SourceTitle "EXT 2013"]
[Source "ChessBase"]
[SourceDate "2012.11.22"]
[SourceVersion "1"]
[SourceVersionDate "2012.11.22"]
[SourceQuality "1"]
[WhiteTeam "Cadolzburg"]
[BlackTeam "Nuernberg NT V"]
[WhiteTeamCountry "GER"]
[BlackTeamCountry "GER"]

1. d4 Nf6 2. Bf4 g6 3. e3 Bg7 4. Nf3 0-0 5. Be2 d6 6. h3 Nbd7 7. 0-0 b6 8. Nbd2 Bb7 9. c3 Re8 10. Bh2 e5 11. dxe5 dxe5 12. Qc2 e4 13. Nd4 a6 14. a4 c5 15. N4b3 Ne5 16. Rfd1 Qe7 17. Bxe5 Qxe5 18. Nc4 Qc7 19. Nd6 Red8 20. Nxb7 Qxb7 21. a5 Re8 22. axb6 Qxb6 23. Na5 Bf8 24. Nc4 Qc6 25. Ra5 Nd5 26. Rda1 Nc7 27. Qa4 Qe6 28. Nd2 Rab8 29. Nc4 h5 30. Qc2 Rb5 31. Nd2 Rb6 32. Nc4 Rb5 33. Qa4 Rbb8 34. Rd1 Kg7 35. Qd7 Nb5 36. Qxe6 Rxe6 37. Rda1 Nc7 38. Kf1 Kf6 39. Ke1 Rb5 40. Kd2 Rxa5 41. Rxa5 1/2-1/2

[Event "Mittelfranken-chTB2b 1011"]
[Site "Germany"]
[Date "2010.09.26"]
[Round "1.6"]
[White "Metzenroth, Dieter"]
[Black "Perner, Bastian"]
[Result "0-1"]
[WhiteElo "1795"]
[BlackElo "1823"]
[PlyCount "74"]
[EventDate "2010.09.26"]
[EventType "team-tourn"]
[EventRounds "9"]
[EventCountry "GER"]
[SourceTitle "EXT 2012"]
[Source "ChessBase"]
[SourceDate "2011.11.24"]
[SourceVersion "1"]
[SourceVersionDate "2011.11.24"]
[SourceQuality "1"]
[WhiteTeam "Cadolzburg"]
[BlackTeam "Heideck/Hilpoltstein"]
[WhiteTeamCountry "GER"]
[BlackTeamCountry "GER"]

1. d4 d5 2. Bf4 e6 3. Nf3 c5 4. e3 Nc6 5. c3 Nf6 6. Nbd2 Bd6 7. Ne5 a6 8. Bd3 Bxe5 9. Bxe5 Nxe5 10. dxe5 Nd7 11. Qh5 g6 12. Qh6 Nxe5 13. Be2 Qf6 14. f4 Nc6 15. e4 Bd7 16. e5 Qe7 17. 0-0 Qf8 18. Qxf8+ Rxf8 19. Rae1 f6 20. Bd3 fxe5 21. fxe5 Rxf1+ 22. Bxf1 Ke7 23. Bd3 Rf8 24. a3 b5 25. Nf3 Be8 26. b4 c4 27. Bc2 h6 28. a4 g5 29. axb5 axb5 30. h3 Bh5 31. Bd1 Ra8 32. Kf2 Ra2+ 33. Kf1 Ra3 34. Re3 Nxb4 35. Nd4 Bxd1 36. Nxb5 Ra1 37. cxb4 Ba4+ 0-1

[Event "Mittelfranken-chTB2a 0809"]
[Site "Mittelfranken"]
[Date "2009.01.25"]
[Round "5.6"]
[White "Metzenroth, Dieter"]
[Black "Eichstaedt, Timm"]
[Result "0-1"]
[WhiteElo "1798"]
[BlackElo "1873"]
[PlyCount "66"]
[EventDate "2008.10.12"]
[EventType "team"]
[EventRounds "9"]
[EventCountry "GER"]
[SourceTitle "EXT 2011"]
[Source "ChessBase"]
[SourceDate "2010.11.26"]
[SourceVersion "1"]
[SourceVersionDate "2010.11.26"]
[SourceQuality "1"]
[WhiteTeam "Cadolzburg"]
[BlackTeam "Herzogenaurach"]
[WhiteTeamCountry "GER"]
[BlackTeamCountry "GER"]

1. d4 Nf6 2. Nf3 d6 3. Nbd2 g6 4. e4 Bg7 5. Bd3 0-0 6. 0-0 Bg4 7. h3 Bxf3 8. Nxf3 c5 9. c3 cxd4 10. cxd4 Nc6 11. Be3 Nb4 12. Bb1 Nc6 13. a3 b5 14. Bd3 Qb8 15. Rc1 Qb7 16. Qd2 Rfd8 17. d5 Ne5 18. Nxe5 dxe5 19. Rc5 a6 20. Rfc1 Rac8 21. Qc3 Rxc5 22. Qxc5 Ne8 23. Qc6 Qxc6 24. Rxc6 Ra8 25. Bc5 Bf8 26. Kf1 f6 27. Ke2 Kf7 28. Kd2 Bh6+ 29. Kc3 Bc1 30. Kc2 Bh6 31. b3 Bg5 32. Kc3 Bc1 33. Kb4 Bd2# 0-1